Statistics for Modern Countries Within The Mongol Empire

Click here to take the quiz!

General Stats

  • This quiz has been taken 1,891 times
    (1,844 since last reset)
  • The average score is 18 of 21

Answer Stats

Answer % Correct
China
99%
Russia
98%
Mongolia
95%
Iran
93%
Iraq
91%
Turkey
90%
Pakistan
89%
Uzbekistan
89%
Turkmenistan
89%
Ukraine
88%
Tajikistan
88%
Afghanistan
87%
Georgia
86%
Armenia
86%
Kazakhstan
85%
North Korea
84%
South Korea
84%
Azerbaijan
82%
Kyrgyzstan
74%
Moldova
62%
Kuwait
59%

Score Distribution

Percentile by Number Answered

Percent of People with Each Score

Your Score History

You have not taken this quiz since the last reset